000 00575nam a2200241Ia 4500
003 OSt
005 20221006160758.0
006 a|||||r|||| 00| 0
007 ta
008 221006b |||||||| |||| 00| 0 eng d
020 _a9788955180794
024 _a46,323
037 _cTextual
040 _aEASL
_cEASL
_beng
041 _2eng
_aeng
082 _aP495:3, Q5.1
245 0 _aKorean speaking situation
_b Beginner 1
260 _c2014
300 _a166p.
_ccm.
490 _v KEL
942 _hP495:3, Q5.1
_cTEXL
_2CC
999 _c1114415
_d1114415